|
|
|
|
| LEADER |
00678nab a2200157 i 4500 |
| 001 |
misc4125 |
| 005 |
20191106143119.0 |
| 008 |
170607s1925 hu o 0|| hun d |
| 040 |
|
|
|a SZTE Miscellanea Repozitórium
|b hun
|
| 041 |
|
|
|a hun
|
| 245 |
0 |
3 |
|a Az átruházott javak közönséges forgalmi értéke az az összeg, amelyet az átruházás helyén és idején rendszerint fizetni szoktak
|h [elektronikus dokumentum]
|
| 260 |
|
|
|c 1925
|
| 300 |
|
|
|a 94c
|
| 490 |
0 |
|
|a Polgári jog : a hazai és külföldi magánjog és hiteljog szemléje
|v 1
|
| 695 |
|
|
|a Kötelmi jog forgalmi érték meghatározása
|
| 856 |
4 |
0 |
|u http://misc.bibl.u-szeged.hu/4125/1/polgari_jog_1925_094c.pdf
|z Dokumentum-elérés
|